Nous les jeunes / (Record no. 134628)
[ view plain ]
| 000 -LEADER | |
|---|---|
| campo de control de longitud fija | 00483nam a2200169 i 4500 |
| 001 - NÚMERO DE CONTROL | |
| campo de control | 134628 |
| 003 - IDENTIFICADOR DE NÚMERO DE CONTROL | |
| campo de control | ES-MaACL |
| 005 - FECHA Y HORA DE LA ÚLTIMA TRANSACCIÓN | |
| campo de control | 20230906194719.0 |
| 007 - CAMPO FIJO DE DESCRIPCIÓN FÍSICA--INFORMACIÓN GENERAL | |
| campo de control de longitud fija | t| |
| 008 - DATOS DE LONGITUD FIJA--INFORMACIÓN GENERAL | |
| campo de control de longitud fija | 070912s1907 sz ||||1| fre d |
| 100 1# - ENTRADA PRINCIPAL--NOMBRE DE PERSONA | |
| Nombre de persona | Wegener, Hans. |
| 9 (RLIN) | 116303 |
| 245 10 - MENCIÓN DEL TÍTULO | |
| Título | Nous les jeunes / |
| Mención de responsabilidad, etc. | par H. Wegener ; traduit par S. Maerky-Richard. |
| 260 ## - PUBLICACIÓN, DISTRIBUCIÓN, ETC. | |
| Lugar de publicación, distribución, etc. | Genève : |
| Nombre del editor, distribuidor, etc. | J.-H. Jeheber, |
| Fecha de publicación, distribución, etc. | [1907] |
| 300 ## - DESCRIPCIÓN FÍSICA | |
| Extensión | 223 p. ; |
| Dimensiones | 19 cm. |
| 700 1# - ENTRADA AGREGADA--NOMBRE PERSONAL | |
| Nombre de persona | Maerky-Richard, Suzanne. |
| 9 (RLIN) | 75381 |
| 852 ## - LOCALIZACIÓN | |
| Ubicación | ES-MaACL |
| Número de control de estantería | D-625 |
| Estatus retirado | Estado de pérdida | Estado de daño | No para préstamo | Biblioteca de origen | Biblioteca actual | Ubicación en estantería | Fecha de adquisición | Fuente de adquisición | Total de préstamos | Signatura topográfica completa | Código de barras | Visto por última vez | Precio de reemplazo | Tipo de ítem Koha |
|---|---|---|---|---|---|---|---|---|---|---|---|---|---|---|
| Biblioteca del Ateneo de Madrid | Biblioteca del Ateneo de Madrid | Sala Valle Inclán | 17/01/2008 | D-625 | 901140131 | 23/02/2023 | 23/02/2023 | Libro impreso |
